| 000 | 01313cam a22003737a 4500 | ||
|---|---|---|---|
| 003 | CHAP | ||
| 005 | 20220329133437.0 | ||
| 008 | 971013s1992 r 00010 d | ||
| 010 | _a6466 | ||
| 011 | _a7438 | ||
| 035 | _a6661 | ||
| 040 | _cCHAP | ||
| 090 | _aTesis | ||
| 100 | 0 | 0 |
_aBautista Acosta, José Eslik. _910886 |
| 245 | 0 | _aEstudio integral del ensalitramiento en los ejidos de San Martín Netzahualcóyotl y Zapotlán, Estado de México | |
| 260 |
_aChapingo, Méx. : _bEl autor, _c1992 |
||
| 300 |
_a154 h. _b; planos |
||
| 502 | _aTesis (Ing. Agr. Esp. en Irrigación) -- UACH. Departamento de Irrigación | ||
| 590 |
_aALEPH _b10 _c20130110 _lUCH01 _h1219 |
||
| 590 |
_aBATCH-UPD _b10 _c20130110 _lUCH01 _h0036 |
||
| 590 |
_aBATCH-UPD _b10 _c20130110 _lUCH01 _h1528 |
||
| 590 |
_aBATCH-UPD _b10 _c20130409 _lUCH01 _h2019 |
||
| 590 |
_aBATCH-UPD _b10 _c20130410 _lUCH01 _h0936 |
||
| 590 |
_aBATCH-UPD _b10 _c20130914 _lUCH01 _h0547 |
||
| 590 |
_aCONVERSION _b10 _c20130109 _lUCH01 _h1305 |
||
| 650 | 1 | 4 |
_aSalinidad. _9101733 |
| 650 | 1 | 4 |
_aSuelos salinos. _9110558 |
| 650 | 1 | 4 |
_aSuelos _xClasificación _xMéxico (Edo.) _9110255 |
| 650 | 1 | 4 |
_aSuelos _zMéxico (Edo.). _9110525 |
| 700 | 0 |
_aCruz García, Zetl de la. _929401 |
|
| 901 | _aBK | ||
| 942 | _cTESIS | ||
| 949 |
_bBC _cTES _d-16269 _eTS1 _h25494 _i6661 _si |
||
| 999 |
_c6466 _d6466 |
||